000 00502nam a2200157 a 4500
001 000021136
005 20200930011237.0
008 100831s1967 nyu r 000 fdeng d
040 _aDO-SdBNP
_bspa
_cBNPHU
082 _annnn
_bH425t
100 1 _aHays, Elinor Rice,
_944195
245 1 6 _aThose extraordinary blackwells :
_bthe story of a journey to a better world /
_cElinor Rice Hays.
260 _aNew York :
_bHarcourt, Brace & World,
_c1967.
300 _a349 p. :
_bretrs. ;
_c22 cm.
049 _aBNGR
999 _c20638
_d20638